Score 0/42 Timer 09:00
0 Plays Today
Length City % Correct
10New Orleans (393,292)
95.1%
9Nashville (667,560)
94.3%
8New Haven (131,014)
91%
8New Haven (15,560)
91%
10Naperville (147,682)
84.4%
10New Bedford (95,120)
77.9%
9New London (27,072)
77%
9Northport (25,094)
70.5%
9North Port (66,300)
70.5%
10North Miami (62,225)
69.7%
10New Britain (72,710)
67.2%
10North Haven (town, 23,751)
66.4%
9New Berlin (39,740)
63.1%
9New Albany (36,461)
62.3%
9New Albany (10,718)
62.3%
9New Castle (17,351)
59%
9New Castle (22,069)
59%
9Newcastle (11,681)
59%
9New Iberia (29,620)
53.3%
9Newington (town, 30,404)
51.6%
8Newburgh (28,363)
51.6%
Length City % Correct
10Northfield (20,474)
50%
10Northglenn (38,928)
48.4%
9New Canaan (town, 20,376)
46.7%
10Norristown (borough, 34,510)
45.1%
10Northbrook (village, 33,400)
42.6%
10North Ogden (19,465)
40.2%
10New Milford (town, 27,099)
39.3%
10New Milford (borough, 16,868)
39.3%
8Newberry (10,302)
37.7%
9Naugatuck (town/borough, 31,461)
36.9%
8Norcross (16,845)
36.9%
9Northlake (12,364)
30.3%
10North Adams (12,970)
29.5%
8New Lenox (village, 26,575)
28.7%
9Nantucket (town, 11,229)
27.9%
9Nanticoke (10,279)
26.2%
10North Logan (10,646)
26.2%
9Nederland (17,491)
23%
8Nanakuli (CDP, 12,666)
12.3%
9Niceville (15,249)
11.5%
8Norridge (village, 14,437)
11.5%
Remove Ads.
Support Sporcle.
Get the best of Sporcle when you Go Orange. This ad-free experience offers more features, more stats, and more fun while also helping to support Sporcle. Thank you for becoming a member.

You're not logged in!

Compare scores with friends on all Sporcle quizzes.
OR
Log In

Show Comments

Extras

Top Quizzes Today


Score Distribution

Your Account Isn't Verified!

In order to create a playlist on Sporcle, you need to verify the email address you used during registration. Go to your Sporcle Settings to finish the process.

Report this User

Report this user for behavior that violates our Community Guidelines.

Details: